000 00318nam a2200121 i 4500
001 bg
245 0 _aAachener Werkzeugmaschinen :
_bKolloquium.
_nKoll. 8,
_pEntwicklung im Werkzeugmaschinenbau.
260 _aEssen,
_c1956.
040 _cBPK
041 _apol
942 _cKS
008 s pl f |000 0 pol
999 _c15747
_d15747
856 _uhttp://koha.tu.koszalin.pl/cgi-bin/koha/opac-detail.pl?biblionumber=15747
_yKatalog online BPK